| 000 | 00535nam a22001697a 4500 | ||
|---|---|---|---|
| 003 | NUST | ||
| 038 | _aa | ||
| 082 | _a BEE-5 ZUL | ||
| 100 |
_a Zulaikha Kiran _992786 |
||
| 245 | _a Smart vision object detection and categorization for visually impaired people | ||
| 260 |
_aIslamabad _bNUST School of Electrical Engineering and Computer Science _c2013 |
||
| 300 |
_a67p. _eCD-ROM |
||
| 500 | _a Supervisor: Dr. Ahmad Salman | ||
| 563 | _aa | ||
| 856 | _uhttp://10.250.8.41:8080/xmlui/handle/123456789/9764 | ||
| 942 |
_cTHE _2ddc |
||
| 999 |
_c12722 _d12722 |
||